000 00566nam a22001817a 4500
082 _a539.7
_bHAL
_cL-7, P-16
100 _aHalliday, David.,
_95033
245 _aIntroductory nuclear physics /
_cDavid, Halliday
250 _a2nd ed.
260 _aNew Delhi :
_bAsia Publishing House,
_cc1960.
300 _a493 p. :
_bill
526 _a0
_b0
_c0
_d539_700000000000000_HAL
526 _a0
_b0
_c0
_d539_700000000000000_HAL
526 _a0
_b0
_c0
_d539_700000000000000_HAL
526 _a0
_b0
_c0
_d539_700000000000000_HAL
650 _aL-7, P-16
_940100
942 _2ddc
_cBK
999 _c544465
_d544465